| 000 | 00718nam a2200193 i 4500 | ||
|---|---|---|---|
| 001 | 171376 | ||
| 003 | ES-MaACL | ||
| 005 | 20250808062805.0 | ||
| 008 | 090513s1971 sp |||| | spa d | ||
| 017 | _aM 274-1971 | ||
| 100 | 0 |
_aGonzález Lamadrid, Antonio. _958737 |
|
| 245 | 1 | 0 |
_aLos descubrimientos del Mar Muerto _b: balance de veinticinco años de hallazgos y estudio / _cpor Antonio González Lamadrid. |
| 260 |
_aMadrid : _b[La Editorial Católica], _c1971. |
||
| 300 |
_aXVI, 336 p., map., [4] p. de lám, 1 h. ; _c20 cm. |
||
| 490 | 1 |
_aBiblioteca de autores cristianos ; _v317 |
|
| 830 | 0 | 0 |
_aBiblioteca de autores cristianos _v317 _9178679 |
| 852 |
_aES-MaACL _jJ-310 _9R.46092 |
||
| 999 |
_c171376 _d171376 |
||